[Event "Peterborough 4NCL Easter U2000 op"]
[Site "Peterborough"]
[Date "2024.03.31"]
[Round "5"]
[White "Obi, Okwose Marc"]
[Black "Harris, John2"]
[Result "1-0"]
[WhiteElo "1844"]
[BlackElo "1712"]
[PlyCount "59"]
[EventDate "2024.03.29"]
[EventType "swiss"]
[EventRounds "7"]
[EventCountry "ENG"]
[SourceTitle "CBM 219 Extra"]
[Source "ChessBase"]
[SourceDate "2024.05.31"]
[SourceVersion "1"]
[SourceVersionDate "2024.05.31"]
[SourceQuality "1"]

1. e4 g6 2. d4 Bg7 3. Nc3 c6 4. g3 d5 5. Be3 dxe4 6. Nxe4 Nf6 7. Nxf6+ exf6 8. Bg2 0-0 9. Ne2 Bg4 10. h3 Bxe2 11. Qxe2 Re8 12. Qd2 Qb6 13. 0-0 Qb5 14. a4 Qh5 15. b4 Nd7 16. b5 Rad8 17. bxc6 bxc6 18. Qb4 c5 19. dxc5 Rb8 20. Qa5 f5 21. Rab1 Ne5 22. Rxb8 Rxb8 23. Qxa7 Re8 24. c6 g5 25. c7 Nf3+ 26. Bxf3 Qxf3 27. Qb8 Qc6 28. Rd1 Bf6 29. Rd8 Bxd8 30. cxd8Q 1-0

[Event "Harrogate 4NCL op-B 29th"]
[Site "Harrogate"]
[Date "2023.01.22"]
[Round "5"]
[White "Butterworth, Paul"]
[Black "Obi, Okwose Marc"]
[Result "0-1"]
[WhiteElo "1785"]
[BlackElo "1871"]
[PlyCount "44"]
[EventDate "2023.01.20"]
[EventType "swiss"]
[EventRounds "5"]
[EventCountry "ENG"]
[SourceTitle "CBM 212 Extra"]
[Source "ChessBase"]
[SourceDate "2023.03.31"]
[SourceVersion "1"]
[SourceVersionDate "2023.03.31"]
[SourceQuality "1"]

1. c4 e5 2. Nc3 Nc6 3. Nf3 f5 4. d3 Bb4 5. Qb3 Nf6 6. Nxe5 Nd4 7. Qd1 Qe7 8. Nf3 Nxf3+ 9. gxf3 0-0 10. Bd2 b6 11. e3 Bb7 12. Be2 d5 13. Qb3 dxc4 14. Qxc4+ Kh8 15. Rg1 a5 16. Qh4 b5 17. a3 Bxc3 18. Bxc3 c5 19. Qf4 b4 20. Bd2 Nd5 21. Qg5 Rf6 22. Qh4 Rg6 0-1

[Event "BCF-chT3W 2223 (4NCL)"]
[Site "England"]
[Date "2022.10.22"]
[Round "1.36"]
[White "Obi, Okwose Marc"]
[Black "Homer, Stephen J"]
[Result "0-1"]
[WhiteElo "1772"]
[BlackElo "2026"]
[PlyCount "132"]
[EventDate "2022.10.22"]
[EventType "team-tourn"]
[EventRounds "11"]
[EventCountry "ENG"]
[SourceTitle "EXT 2024"]
[Source "ChessBase"]
[SourceDate "2023.10.10"]
[SourceVersion "1"]
[SourceVersionDate "2023.10.10"]
[SourceQuality "1"]
[WhiteTeam "MK Phoenix II"]
[BlackTeam "West is Best II"]
[WhiteTeamCountry "ENG"]
[BlackTeamCountry "WLS"]

1. e4 c5 2. Nf3 d6 3. d4 cxd4 4. Nxd4 Nf6 5. Nc3 a6 6. Bg5 Nbd7 7. Bc4 Qb6 8. Bb3 e6 9. 0-0 Be7 10. Re1 0-0 11. Na4 Qa7 12. c4 Nc5 13. Nxc5 Qxc5 14. Be3 Qc7 15. f3 Bd7 16. Rc1 Rfc8 17. Qd2 Qd8 18. a4 Qe8 19. a5 Bd8 20. Ne2 Bc6 21. Ba2 Bc7 22. b4 Qd8 23. Red1 Ba4 24. Re1 b6 25. Nc3 Be8 26. axb6 Bxb6 27. Red1 Bxe3+ 28. Qxe3 Qc7 29. b5 Rcb8 30. bxa6 Rxa6 31. Nb5 Qa5 32. Bb3 Bxb5 33. cxb5 Qxb5 34. Bc4 Qb6 35. Qxb6 Raxb6 36. Rc2 Rc6 37. Bd3 Rxc2 38. Bxc2 d5 39. exd5 Nxd5 40. Be4 Nc3 41. Re1 f5 42. Bd3 Kf7 43. Bc4 Rb6 44. h3 Kf6 45. Re3 Nd1 46. Re1 Nb2 47. Ba2 Nd3 48. Re3 Nf4 49. Rb3 Rxb3 50. Bxb3 Ke5 51. h4 Nd5 52. g3 Kd4 53. Kf2 Kd3 54. Ba4 e5 55. Bb5+ Kd2 56. g4 Nc3 57. Bf1 fxg4 58. fxg4 e4 59. g5 Nd5 60. h5 Nf4 61. h6 g6 62. Kg3 Ne6 63. Kg4 e3 64. Kf3 Nxg5+ 65. Kf4 Nf7 66. Ke4 e2 0-1

[Event "Daventry 4NCL Easter op-B 2nd"]
[Site "Daventry"]
[Date "2022.04.16"]
[Round "3"]
[White "Livesey, R Nigel"]
[Black "Obi, Okwose Marc"]
[Result "0-1"]
[WhiteElo "1864"]
[BlackElo "1921"]
[PlyCount "120"]
[EventDate "2022.04.15"]
[EventType "swiss"]
[EventRounds "7"]
[EventCountry "ENG"]
[SourceTitle "CBM 207 Extra"]
[Source "ChessBase"]
[SourceDate "2022.05.31"]
[SourceVersion "1"]
[SourceVersionDate "2022.05.31"]
[SourceQuality "1"]

1. c4 Nf6 2. g3 c6 3. Bg2 d5 4. Nf3 Bf5 5. Qb3 Qb6 6. 0-0 e6 7. d4 dxc4 8. Qxc4 Be7 9. Nc3 Nbd7 10. Re1 0-0 11. e4 Bg6 12. d5 cxd5 13. exd5 exd5 14. Nxd5 Nxd5 15. Qxd5 Nf6 16. Qb3 Bc5 17. Qxb6 Bxb6 18. Be3 Bxe3 19. Rxe3 Rac8 20. Re2 Rfe8 21. Rxe8+ Nxe8 22. Re1 Kf8 23. Nd4 b6 24. Nc6 a5 25. Re3 Bc2 26. Nd4 Ba4 27. Bh3 Rc1+ 28. Kg2 Rd1 29. Nb3 Bb5 30. Kf3 Rb1 31. Nd4 Bc4 32. Rc3 Bd5+ 33. Ke3 Rxb2 34. Rc8 Be6 35. Nxe6+ fxe6 36. Bxe6 Ke7 37. Bb3 b5 38. Rc5 a4 39. Re5+ Kd6 40. Rxe8 axb3 41. axb3 Rxb3+ 42. Kd2 Rf3 43. Ke2 Rf7 44. f4 Re7+ 45. Rxe7 Kxe7 46. Ke3 Ke6 47. h3 Kd6 48. f5 h5 49. g4 hxg4 50. hxg4 Ke5 51. Kf3 b4 52. Ke3 b3 53. Kd3 Kf4 54. Kc3 Kxg4 55. Kxb3 Kxf5 56. Kc2 Kf4 57. Kd2 Kf3 58. Ke1 Kg2 59. Ke2 g5 60. Ke3 g4 0-1

[Event "BCF-chT4S 1920 (4NCL)"]
[Site "England"]
[Date "2020.01.12"]
[Round "4.66"]
[White "Priest, Christopher Pa"]
[Black "Obi, Okwose Marc"]
[Result "0-1"]
[WhiteElo "1645"]
[BlackElo "1783"]
[PlyCount "52"]
[EventDate "2019.11.09"]
[EventType "team-swiss"]
[EventRounds "11"]
[EventCountry "ENG"]
[SourceTitle "EXT 2022"]
[Source "ChessBase"]
[SourceDate "2021.10.06"]
[SourceVersion "1"]
[SourceVersionDate "2021.10.06"]
[SourceQuality "1"]
[WhiteTeam "Wessex III"]
[BlackTeam "MK Phoenix II"]
[WhiteTeamCountry "ENG"]
[BlackTeamCountry "ENG"]

1. d4 d5 2. Bf4 Nf6 3. e3 Bf5 4. Nf3 e6 5. c4 Bd6 6. Bg3 c5 7. Nc3 0-0 8. Qb3 Bxg3 9. hxg3 Nbd7 10. cxd5 exd5 11. Nxd5 Be6 12. Nxf6+ Nxf6 13. Bc4 Qa5+ 14. Kf1 Bxc4+ 15. Qxc4 cxd4 16. Nxd4 Rac8 17. Qe2 Rc7 18. Kg1 Rfc8 19. Kh2 Qg5 20. Rhd1 Ng4+ 21. Kg1 Qh5 22. Nf3 Rc6 23. Rd4 g5 24. Nh4 Rc1+ 25. Rd1 Rxa1 26. Rxa1 gxh4 0-1

[Event "BCF-chT4S 1819 (4NCL)"]
[Site "England"]
[Date "2019.02.10"]
[Round "6.44"]
[White "Tselos, Aristotelis"]
[Black "Obi, Okwose Marc"]
[Result "1/2-1/2"]
[WhiteElo "1817"]
[BlackElo "1827"]
[PlyCount "78"]
[EventDate "2018.11.17"]
[EventType "team-swiss"]
[EventRounds "11"]
[EventCountry "ENG"]
[SourceTitle "EXT 2021"]
[Source "ChessBase"]
[SourceDate "2020.10.23"]
[SourceVersion "1"]
[SourceVersionDate "2020.10.23"]
[SourceQuality "1"]
[WhiteTeam "Oxford III"]
[BlackTeam "MK Phoenix II"]
[WhiteTeamCountry "ENG"]
[BlackTeamCountry "ENG"]

1. e4 c5 2. Nf3 d6 3. d4 cxd4 4. Nxd4 Nf6 5. Nc3 a6 6. Be3 Ng4 7. Bg5 h6 8. Bh4 g6 9. h3 Ne5 10. f4 Nec6 11. Nf3 Bg7 12. Bd3 Nd7 13. Bf2 b5 14. Rb1 Bb7 15. 0-0 0-0 16. Be3 Nc5 17. Bxc5 dxc5 18. e5 c4 19. Be4 Qb6+ 20. Kh1 e6 21. Qe2 Rfd8 22. Rbd1 Bf8 23. Rxd8 Rxd8 24. Rd1 b4 25. Rxd8 Nxd8 26. Na4 Qb5 27. Bxb7 Qxa4 28. Be4 Qxa2 29. Qd2 Qa5 30. Qd4 c3 31. b3 Bc5 32. Qd7 Bb6 33. Qe8+ Kg7 34. Qe7 Qc5 35. Qf6+ Kg8 36. h4 Qe3 37. Bd3 Nc6 38. Bxg6 fxg6 39. Qxe6+ Kh7 1/2-1/2